000 00808cam a2200229 4500
001 WB3617-05
008 000000n2000 000 0 eng u
035 _a(Sirsi) u105806
245 _aOffice market prospering
260 _c2000
490 _aRICS Scotland News Release
_v14 April 2000 (3)
520 _aThe latest Commercial Property Survey produced by the RICS in Scotland suggests that the office market, especially in Edinburgh, is buoyant.
590 _aWB
650 _aRICS IN SCOTLAND
650 _aCOMMERCIAL PROPERTY SURVEY
650 _aSCOTLAND
650 _aEDINBURGH
650 _aPROPERTY-COMMERCIAL PROPERTY-OFFICE PROPERTY-OFFICE PROPERTY MARKET
650 _aPROPERTY-COMMERCIAL PROPERTY-COMMERCIAL PROPERTY MARKET
690 _aCOMMERCIAL PROPERTY - MARKET
942 _n0
999 _c63355
_d63355